Spoleczno-ekonomiczne czynniki warunkujace migracje osób w starszym wieku w Polsce

Gespeichert in:
Bibliographische Detailangaben
1. Verfasser: Stolarczyk, Krystyna
Format: Buch
Sprache:Polnisch
Veröffentlicht: Warszawa Szkola Glówna planowania i statystyki 1985
Ausgabe:1. wyd.
Tags: Tag hinzufügen
Keine Tags, Fügen Sie das erste Tag hinzu!

MARC

LEADER 00000nam a2200000 4500
001 c028264
005 20221220082337.8
041 0 |a pol 
044 |a PL 
245 1 0 |a Spoleczno-ekonomiczne czynniki warunkujace migracje osób w starszym wieku w Polsce  |c Krystyna Stolarczyk 
250 |a 1. wyd. 
264 1 |a Warszawa  |b Szkola Glówna planowania i statystyki  |c 1985 
300 |a 210 s. 
100 1 |a Stolarczyk, Krystyna